| Tag |
First Indicator |
Second Indicator |
Subfields |
| LEADER |
00000cam a22000008a 4500 |
| 001 |
in00000072587 |
| 005 |
20151008053448.0 |
| 008 |
810324s1981 nyua b 00110 eng |
| 010 |
|
|
|a 81004046
|
| 020 |
|
|
|a 0231052383 :
|c $20.00 (est.)
|
| 035 |
|
|
|a (OCoLC)07329468
|
| 035 |
|
|
|9 AAH7502AM
|
| 039 |
0 |
|
|a 2
|b 3
|c 3
|d 3
|e 3
|
| 040 |
|
|
|a DLC
|c DLC
|d TXA
|d UtOrBLW
|
| 049 |
|
|
|a TXAM
|c [387201]
|
| 050 |
0 |
0 |
|a PR2991
|b .D27
|
| 082 |
0 |
|
|a 822.3/3
|2 19
|
| 100 |
1 |
|
|a Dash, Irene G.
|
| 245 |
1 |
0 |
|a Wooing, wedding, and power :
|b women in Shakespeare's plays /
|c Irene G. Dash.
|
| 263 |
|
|
|a 8108
|
| 264 |
|
1 |
|a New York :
|b Columbia University Press,
|c 1981.
|
| 300 |
|
|
|a xiii, 295 pages :
|b illustrations ;
|c 24 cm.
|
| 336 |
|
|
|a text
|b txt
|2 rdacontent
|
| 337 |
|
|
|a unmediated
|b n
|2 rdamedia
|
| 338 |
|
|
|a volume
|b nc
|2 rdacarrier
|
| 500 |
|
|
|a Includes index.
|
| 504 |
|
|
|a Bibliography: pages [267]-283.
|
| 600 |
1 |
0 |
|a Shakespeare, William,
|d 1564-1616
|x Characters
|x Women.
|
| 650 |
|
0 |
|a Women in literature.
|
| 650 |
|
0 |
|a Feminism and literature.
|
| 999 |
|
|
|a MARS
|
| 999 |
f |
f |
|s 4b4a2218-4330-32cc-ba16-97f7ffbec26b
|i 26710fbf-e281-38ef-9034-a4cb0dd2bc62
|t 0
|
| 952 |
f |
f |
|p normal
|a Texas A&M University
|b College Station
|c Sterling C. Evans Library
|d Evans: Library Stacks
|t 0
|e PR2991 .D27
|h Library of Congress classification
|i unmediated -- volume
|m A14806184207
|
| 998 |
f |
f |
|a PR2991 .D27
|t 0
|l Evans: Library Stacks
|